Culture Pop par lettre - E - Statistiques

Statistiques générales
  • Ce quiz a été pris 4 247 fois
  • Le résultat moyen est 11 sur 15
Statistiques - réponses
Catégorie Indice Réponse % Correct
Film Qui a dit : "Téléphone maison" E.T
98%
Film d'animation Quel est le prénom de la Reine des neiges ? Elsa
95%
Jeu Enfermée dans une salle, une équipe doit résoudre des énigmes pour pouvoir sortir en moins d'une heure Escape Game
92%
Célébrité Jeune chanteuse, connue internationalement notamment pour ses titres : "Bad Guy", "Ocean eyes" et "Lovely" Billie Eilish
82%
Film L'un des films d'horreur les plus rentables de l'histoire, sorti en 1973, dans lequel une petite fille, Regan McNeil, possédée par un démon L'Exorciste
80%
Dessin Animé Quel est le prénom du garçon partant à la recherche des Mystérieuses Cités d'Or accompagné de ses amis Tao et Zia ? Esteban
77%
Internet Célèbre message affiché lors d'un échec de recherche internet, généralement quand aucune page ne correspond à l'adresse demandée Erreur 404
75%
Série En Espagne dans le lycée "Las Encinas", on peut croiser les personnages de Carla, Ander, Marina, Guzman ou encore Samuel... Elite
73%
Livre / Film Dans le monde de Harry Potter, quel sort est utilisé pour désarmer un adversaire ? Expelliarmus
69%
Marque Complétez la phrase suivante : "E.. ....., it's in the game" EA Sports
65%
Film d'animation La "robot" qui vient bouleverser la vie de WALL-E dans le film du même nom Eve
63%
Film Le personnage principal du film est incarné par Johnny Depp, c'est un robot inachevé à qui on a donné un cœur Edward aux mains d'argent
61%
Série Mettant en avant des vies adolescentes mouvementées, entre alcool, sexe, drogue et quête identitaire, cette série est connue pour ses maquillages et son esthétisme particulier Euphoria
56%
Célébrité Il a incarné le bon dans le film "Le Bon, la Brute et le Truand" Clint Eastwood
46%
Chanson de film Dans "les bronzés font du ski", quelle chanson a été modifiée et chantée par Jean-Claude Dusse pour se réconforter alors qu'il se retrouve coincé pour la nuit sur un télésiège arrêté ? Étoile des neiges
35%
Aucun quiz correspondant
Distribution des résultats
% des personnes avec chaque résultat
Percentile par nombre de réponses
Votre historique - résultats
Vous n’avez pas pris ce quiz